Państwa z największą ilością wulkanów - Statystyki

Ogólne statystyki
  • Ten quiz został rozwiązany 26 razy
  • Średni wynik to 10 z 15
Statystyki odpowiedzi
Hint Odpowiedź % Poprawnych
165 Stany Zjednoczone
100%
24 Kanada
96%
118 Japonia
92%
35 Meksyk
88%
107 Rosja
88%
101 Indonezja
83%
35 Islandia
83%
32 Argentyna
75%
90 Chile
75%
23 Filipiny
71%
23 Nowa Zelandia
63%
36 Ekwador
58%
39 Papua Nowa Gwinea
42%
50 Etiopia
17%
21 Tonga
4%
Nie znaleziono quizów pasujących do podanych kryteriów
Rozkład punktacji
Procent ludzi z każdym wynikiem
Percentyl według liczby udzielonych odpowiedzi
Twoja historia wyników
Nie rozwiązałeś tego quizu